[Event "IECC Swiss-523.1"]
[Site "IECC email"]
[Date "2007.04.20"]
[Round "?"]
[White "Kinna, Michael"]
[Black "Sekuloff, Michael"]
[Result "1-0"]
[WhiteElo "1483"]
[BlackElo "1700"]
[PlyCount "35"]
[EventDate "2007.??.??"]
[EventType "swiss (corr)"]
[EventRounds "1"]
[SourceTitle "Corr 2011"]
[Source "ChessBase"]
[SourceDate "2010.08.31"]
[SourceVersion "1"]
[SourceVersionDate "2010.08.31"]
[SourceQuality "1"]
[WhiteTeam "Netherlands"]
[BlackTeam "Australia"]
[WhiteTeamCountry "NED"]
[BlackTeamCountry "AUS"]

1. d4 d5 2. c4 e5 3. dxe5 Bb4+ 4. Bd2 Qe7 5. cxd5 Bf5 6. Qa4+ Nd7 7. Bxb4 Qxe5 8. Bc3 Qxd5 9. Bxg7 0-0-0 10. Nc3 Nc5 11. Nxd5 Nxa4 12. 0-0-0 c6 13. Ne3 Ne7 14. Bxh8 Rxh8 15. Nxf5 Nxf5 16. Nf3 Kc7 17. e3 Nd6 18. Bd3 1-0